University Home | Library Home | Institutional Repository

Biological control. (Record no. 172782)

MARC details
000 -LEADER
fixed length control field 00590cam7a220021700 4500
001 - CONTROL NUMBER
control field zam00003595
008 - FIXED-LENGTH DATA ELEMENTS--GENERAL INFORMATION
fixed length control field 951128s1976 xx eng u
035 ## - SYSTEM CONTROL NUMBER
System control number (Sirsi) r20920
035 ## - SYSTEM CONTROL NUMBER
System control number (MACHINE)SLC.
100 ## - MAIN ENTRY--PERSONAL NAME
Personal name Sluffaker, C. B.
Linkage A82480.1
245 10 - TITLE STATEMENT
Title Biological control.
260 ## - PUBLICATION, DISTRIBUTION, ETC.
Date of publication, distribution, etc. 1976.
591 ## -
-- Class code: BS 935.
591 ## -
-- Course: Mycology and plant pathology.
591 ## -
-- School: S09.
591 ## -
-- Lecturer: Prof. KAPOORIA, R.G.
591 ## -
-- Number of Students: 29.
949 ## - LOCAL PROCESSING INFORMATION (OCLC)
a SB975
w lcc
m MAIN
t BOOK
l ON-SHELF
909 ## -
-- Book

No items available.

© 2026 - The University of Zambia Library - Koha v25.11